000 00756nam a2200253Ia 4500
003 OSt
005 20220928130403.0
006 a|||||r|||| 00| 0
007 ta
008 220927b |||||||| |||| 00| 0 eng d
020 _c275
024 _a125339
037 _b182, 17/12/2014, Classic Book Service
_cTextual
040 _aSDCL
_cSDCL
_beng
041 _2eng
_aeng
082 _aD65,4, N2
100 _aViswanathan Thiagarajan
_9473771
245 0 _aTelecommunication switching systems and networks
260 _aNew Delhi
_bPHI learning P. Ltd.
_c2012
300 _axx;583p.
_ccm.
650 _aI I C
942 _hD65,4, N2
_cTEXL
_2CC
999 _c786369
_d786369